000 00785nam a2200241Ia 4500
001 1099
003 GE_BSU
008 181216s||||||||xx |||||||||||||| ||und||
020 _a9785394003738
040 _cGE_BSU
080 _a336.2(075.8)
100 _aТютюрюков,Н.Н.
245 _aНалоговые системы зарубежных стран.
245 _bУч-к для студ. высш. учебн. завед. по спец."Налоги и налогообложение
260 _aМосква
260 _bДашков и К
260 _c2010
300 _a176стр.
541 _h7л.
653 _aНалоги и налогообложение
653 _aНалоговые системы зарубежных стран
942 _cBK
999 _c35251
_d35251